000
00199 a2200097 4500
001
46260
100
_a
Pignatti
245
_a
Venice
260
_a
Londo
_b
Thames and Hudson
_c
090
_c
29368
_d
29368
942
_a
NUST-CAE
_c
M
_c
21522
999
_c
281333
_d
281333